[Event "Piacenza Province-ch"]
[Site "Piacenza"]
[Date "2015.03.07"]
[Round "3"]
[White "Garofalo, Sergio"]
[Black "Sesenna, Andrea"]
[Result "1-0"]
[WhiteElo "1732"]
[BlackElo "1440"]
[PlyCount "47"]
[EventDate "2015.03.06"]
[EventType "swiss"]
[EventRounds "5"]
[EventCountry "ITA"]
[SourceTitle "EXT 2017"]
[Source "ChessBase"]
[SourceDate "2016.10.25"]
[SourceVersion "1"]
[SourceVersionDate "2016.10.25"]
[SourceQuality "1"]

1. d4 Nf6 2. Nf3 g6 3. g3 Bg7 4. Bg2 Nc6 5. 0-0 h6 6. c4 e6 7. Nc3 d5 8. cxd5 exd5 9. Bf4 Nh5 10. Bd2 Qe7 11. Nxd5 Qd6 12. e4 Bxd4 13. Nxd4 Nxd4 14. Bc3 c5 15. e5 Qxe5 16. Re1 Bg4 17. Rxe5+ Be6 18. Nc7+ Ke7 19. Bxd4 cxd4 20. Nxe6 fxe6 21. Qb3 Kf6 22. Rxe6+ Kf5 23. Qd5+ Kg4 24. h3# 1-0

[Event "Piacenza Province-ch"]
[Site "Piacenza"]
[Date "2015.03.07"]
[Round "2"]
[White "Speciale, Francesco"]
[Black "Garofalo, Sergio"]
[Result "1-0"]
[WhiteElo "1872"]
[BlackElo "1732"]
[PlyCount "153"]
[EventDate "2015.03.06"]
[EventType "swiss"]
[EventRounds "5"]
[EventCountry "ITA"]
[SourceTitle "EXT 2017"]
[Source "ChessBase"]
[SourceDate "2016.10.25"]
[SourceVersion "1"]
[SourceVersionDate "2016.10.25"]
[SourceQuality "1"]

1. d4 Nf6 2. Nf3 d6 3. Nbd2 Nbd7 4. e4 e5 5. Bc4 Be7 6. c3 0-0 7. h3 c6 8. dxe5 Nxe5 9. Nxe5 dxe5 10. Qe2 a5 11. a4 Nd7 12. Nf3 Bf6 13. Be3 Qc7 14. Rd1 Nb6 15. Bb3 c5 16. 0-0 Bd7 17. Qc2 Rac8 18. Nd2 Qc6 19. Nc4 Nxc4 20. Bxc4 Be6 21. Bb5 Qc7 22. Rd2 Qe7 23. f4 exf4 24. Bxf4 Bg5 25. Bd6 Be3+ 26. Kh1 Qg5 27. Re2 Rfd8 28. Bh2 c4 29. Rf3 Bb6 30. Bf4 Qh5 31. Rg3 Rd3 32. Rxd3 cxd3 33. Qxd3 Rd8 34. Qc2 Bxh3 35. Bh2 Bg4 36. Rd2 Rxd2 37. Qxd2 Bc7 38. e5 h6 39. Qf4 Bf5 40. Bc4 Qd1+ 41. Qf1 Qc2 42. Bg3 Qe4 43. Qe2 Qxe2 44. Bxe2 Kf8 45. Bf3 b6 46. Bf2 Ke7 47. Bd5 Be6 48. Be4 Bd7 49. Bc2 Bc6 50. Kg1 g5 51. Be3 Ke6 52. Bb3+ Ke7 53. Bd4 h5 54. Be3 Bxe5 55. Bxb6 Bd6 56. Bxa5 Bc5+ 57. Kf1 f5 58. Bb4 Kd6 59. Bxc5+ Kxc5 60. Bc2 f4 61. b3 g4 62. Bd3 Bd7 63. b4+ Kb6 64. a5+ Ka7 65. b5 Be6 66. c4 h4 67. b6+ Kb7 68. Be4+ Kb8 69. Bd5 Bc8 70. c5 f3 71. gxf3 g3 72. c6 Bf5 73. Kg2 h3+ 74. Kxg3 h2 75. Kxh2 Bd7 76. c7+ Kc8 77. a6 1-0

[Event "Piacenza Province-ch"]
[Site "Piacenza"]
[Date "2015.03.06"]
[Round "1"]
[White "Bonade, Massimo"]
[Black "Garofalo, Sergio"]
[Result "0-1"]
[WhiteElo "2114"]
[BlackElo "1732"]
[PlyCount "128"]
[EventDate "2015.03.06"]
[EventType "swiss"]
[EventRounds "5"]
[EventCountry "ITA"]
[SourceTitle "EXT 2017"]
[Source "ChessBase"]
[SourceDate "2016.10.25"]
[SourceVersion "1"]
[SourceVersionDate "2016.10.25"]
[SourceQuality "1"]

1. d4 f5 2. g3 Nf6 3. Bg2 e6 4. c4 Be7 5. Nf3 0-0 6. 0-0 d6 7. Nc3 c6 8. Qc2 Na6 9. a3 Qe8 10. e4 fxe4 11. Nxe4 Nxe4 12. Qxe4 e5 13. dxe5 Nc5 14. Qe3 Qh5 15. b4 Na4 16. Qb3 Bg4 17. exd6 Bf6 18. c5+ Kh8 19. Bf4 Nc3 20. Rac1 Ne2+ 21. Kh1 Nxc1 22. Bxc1 Rae8 23. Nd2 Bd4 24. Ne4 Rf3 25. Qc2 Qf5 26. d7 Qxd7 27. Nd6 Ref8 28. Bf4 Rxa3 29. Qe4 Bf6 30. h4 Be6 31. Qc2 Bd5 32. Bxd5 cxd5 33. Qd2 Qh3+ 34. Kg1 Bxh4 35. Qxd5 Rxf4 36. gxf4 Bxf2+ 37. Kxf2 Qg3+ 38. Ke2 Qe3+ 39. Kd1 Rd3+ 40. Qxd3 Qxd3+ 41. Ke1 Qb1+ 42. Ke2 Qxb4 43. Rd1 Qxf4 44. Nxb7 h5 45. Nd6 Qe5+ 46. Kf3 Qxc5 47. Ne4 Qf5+ 48. Ke3 a5 49. Rd2 a4 50. Rf2 Qb5 51. Kf4 a3 52. Rd2 Qa5 53. Re2 Qa6 54. Rd2 Qc8 55. Ke5 Qe8+ 56. Kf5 g6+ 57. Kf4 Qf7+ 58. Kg5 Qf5+ 59. Kh6 Qf4+ 60. Kxg6 Qxe4+ 61. Kxh5 Qf3+ 62. Kg6 Qg4+ 63. Kf6 Qf4+ 64. Kg6 Qxd2 0-1

[Event "Verona Province-ch"]
[Site "Zevio Verona"]
[Date "2013.01.25"]
[Round "4"]
[White "Garofalo, Sergio"]
[Black "Fratton, Zeno"]
[Result "1-0"]
[WhiteElo "1822"]
[BlackElo "1819"]
[PlyCount "85"]
[EventDate "2013.01.12"]
[EventType "swiss"]
[EventRounds "6"]
[EventCountry "ITA"]
[SourceTitle "EXT 2024"]
[Source "ChessBase"]
[SourceDate "2023.10.10"]
[SourceVersion "1"]
[SourceVersionDate "2023.10.10"]
[SourceQuality "1"]

1. Nf3 Nf6 2. d4 e6 3. e3 d5 4. b3 Bd6 5. Bb2 0-0 6. Bd3 b6 7. Nbd2 c5 8. 0-0 Nbd7 9. Ne5 Qc7 10. f4 Bb7 11. Qe2 Ne4 12. c4 Nxd2 13. Qxd2 Nf6 14. Rac1 Qe7 15. Qe2 Rac8 16. f5 exf5 17. Rxf5 Rce8 18. Rcf1 Bc8 19. Qf3 Bxf5 20. Qxf5 Qe6 21. Qg5 Ne4 22. Qh4 Be7 23. cxd5 Bxh4 24. dxe6 Nd6 25. exf7+ Nxf7 26. Bc4 Bf6 27. Nxf7 Rxf7 28. Bxf7+ Kxf7 29. dxc5 bxc5 30. Bxf6 gxf6 31. Kf2 f5 32. Rc1 Re5 33. Rc4 Kf6 34. Kf3 Kg5 35. a3 h6 36. h4+ Kh5 37. Kf4 Rd5 38. g3 Kg6 39. Ra4 Rd3 40. Ra6+ Kh5 41. Kxf5 Rxe3 42. g4+ Kxh4 43. Kf4 1-0

[Event "Verona Province-ch"]
[Site "Zevio Verona"]
[Date "2013.01.13"]
[Round "2"]
[White "De Togni, Paolo"]
[Black "Garofalo, Sergio"]
[Result "1/2-1/2"]
[WhiteElo "1483"]
[BlackElo "1822"]
[PlyCount "143"]
[EventDate "2013.01.12"]
[EventType "swiss"]
[EventRounds "6"]
[EventCountry "ITA"]
[SourceTitle "EXT 2024"]
[Source "ChessBase"]
[SourceDate "2023.10.10"]
[SourceVersion "1"]
[SourceVersionDate "2023.10.10"]
[SourceQuality "1"]

1. d4 f5 2. Nf3 Nf6 3. b3 e6 4. Bb2 Be7 5. Nbd2 d6 6. e3 b6 7. Bd3 Bb7 8. Qe2 Ne4 9. Rd1 Nd7 10. c4 0-0 11. 0-0 Qe8 12. Ne1 Qg6 13. f3 Nxd2 14. Rxd2 d5 15. f4 Nf6 16. Nf3 Ne4 17. Bxe4 fxe4 18. Ne5 Qe8 19. g4 Bd6 20. g5 a5 21. a4 Bxe5 22. dxe5 dxc4 23. Rc1 cxb3 24. Rxc7 Ba6 25. Qd1 Rd8 26. Rdd7 Rxd7 27. Rxd7 Bd3 28. Rd4 Qc6 29. Qxb3 Rc8 30. Rd6 Qc5 31. Qxe6+ Kf8 32. Rd4 Bc4 33. Qd6+ Qxd6 34. exd6 Bd3 35. d7 Rd8 36. Ba3+ Kf7 37. Rd6 b5 38. axb5 Bxb5 39. Rd5 Bxd7 40. Rxa5 Bh3 41. Re5 Rd2 42. Bb4 Rg2+ 43. Kh1 Rb2 44. Re7+ Kg6 45. Rxg7+ Kf5 46. Kg1 Rxb4 47. Rxh7 Kg4 48. Kf2 Rb2+ 49. Ke1 Bg2 50. Rd7 Kf3 51. Rd2 Rb1+ 52. Rd1 Rb3 53. Kd2 Rxe3 54. f5 Re2+ 55. Kc3 Bh3 56. f6 Be6 57. g6 Rf2 58. Rd6 Ba2 59. f7 Kg2 60. Rd2 e3 61. Rxf2+ exf2 62. f8Q f1Q 63. Qxf1+ Kxf1 64. h4 Bb1 65. g7 Bh7 66. Kd4 Kf2 67. Ke5 Kg3 68. h5 Kg4 69. h6 Kg5 70. Ke6 Kxh6 71. Kf7 Kg5 72. Kf8 1/2-1/2

[Event "Modena Province-ch"]
[Site "Modena"]
[Date "2012.12.15"]
[Round "3"]
[White "Garofalo, Sergio"]
[Black "Castelli, Antonio"]
[Result "0-1"]
[WhiteElo "1826"]
[BlackElo "1651"]
[PlyCount "124"]
[EventDate "2012.12.14"]
[EventType "swiss"]
[EventRounds "5"]
[EventCountry "ITA"]
[SourceTitle "EXT 2014"]
[Source "ChessBase"]
[SourceDate "2013.11.20"]
[SourceVersion "1"]
[SourceVersionDate "2013.11.20"]
[SourceQuality "1"]

1. d4 a6 2. Nf3 b5 3. e3 Bb7 4. Nbd2 e6 5. Bd3 c5 6. dxc5 Bxc5 7. 0-0 Nf6 8. a3 d5 9. b4 Ba7 10. Bb2 Nbd7 11. Qe2 Nb6 12. Rad1 Qe7 13. Bd4 Nc4 14. Ra1 0-0 15. Nb3 e5 16. Bxc4 dxc4 17. Bc5 Bxc5 18. Nxc5 Bxf3 19. Qxf3 Nd7 20. Nxd7 Qxd7 21. Rfd1 Qe7 22. Rd5 f6 23. Rad1 Rfd8 24. h3 Kf8 25. Rd7 Qe8 26. Qc6 Rxd7 27. Rxd7 Kg8 28. Qd5+ Kh8 29. Qb7 Rb8 30. Qc7 Rc8 31. Re7 Qf8 32. Qd7 Rd8 33. Rf7 Qg8 34. Qe7 Re8 35. Qb7 h6 36. Rd7 Rb8 37. Qc6 Ra8 38. Kh2 Qe8 39. Qd5 Qg8 40. Kg3 Qxd5 41. Rxd5 Ra7 42. Kf3 Kg8 43. Ke4 Kf7 44. Rd6 a5 45. bxa5 Rxa5 46. Rb6 Rxa3 47. Rxb5 Ra2 48. c3 Rc2 49. f4 exf4 50. exf4 Rxc3 51. Kd4 Rg3 52. Rb2 c3 53. Rc2 Ke6 54. Ke4 Kd6 55. f5 Kc5 56. Kf4 Rd3 57. g3 Kc4 58. Re2 Rd7 59. Re6 c2 60. Kf3 Kd3 61. Re3+ Kd2 62. Re2+ Kd1 0-1

[Event "Modena Province-ch"]
[Site "Modena"]
[Date "2012.12.14"]
[Round "1"]
[White "Garofalo, Sergio"]
[Black "Faglioni, Isacco"]
[Result "1-0"]
[WhiteElo "1826"]
[BlackElo "1574"]
[PlyCount "64"]
[EventDate "2012.12.14"]
[EventType "swiss"]
[EventRounds "5"]
[EventCountry "ITA"]
[SourceTitle "EXT 2014"]
[Source "ChessBase"]
[SourceDate "2013.11.20"]
[SourceVersion "1"]
[SourceVersionDate "2013.11.20"]
[SourceQuality "1"]

1. d4 d5 2. Nf3 Nf6 3. Nbd2 Bf5 4. Nh4 Bc8 5. Nhf3 e6 6. e3 Nbd7 7. Bd3 c5 8. b3 Bd6 9. Bb2 a6 10. Ne5 Qc7 11. f4 Rb8 12. Rb1 b5 13. c4 Be7 14. 0-0 Nxe5 15. fxe5 Nd7 16. Qe2 h6 17. Rf2 bxc4 18. bxc4 Bg5 19. Nf3 Be7 20. Rbf1 Rb6 21. Ba3 cxd4 22. Bxe7 dxe3 23. Qxe3 Kxe7 24. cxd5 exd5 25. Nd4 Rf8 26. Nf5+ Kd8 27. Nd6 f6 28. Rc1 Rc6 29. Rxc6 Qxc6 30. Rc2 Qa4 31. Rxc8+ Ke7 32. Nf5+ Kf7 1-0

[Event "Vignola op 11th"]
[Site "Vignola"]
[Date "2012.11.18"]
[Round "5"]
[White "Pomante, Sergio"]
[Black "Garofalo, Sergio"]
[Result "0-1"]
[WhiteElo "1648"]
[BlackElo "1826"]
[PlyCount "122"]
[EventDate "2012.11.16"]
[EventType "swiss"]
[EventRounds "5"]
[EventCountry "ITA"]
[SourceTitle "EXT 2014"]
[Source "ChessBase"]
[SourceDate "2013.11.20"]
[SourceVersion "1"]
[SourceVersionDate "2013.11.20"]
[SourceQuality "1"]

1. e4 e5 2. Nf3 Nc6 3. Bb5 Bc5 4. 0-0 Nd4 5. Nxd4 Bxd4 6. c3 Bb6 7. d3 Ne7 8. Be3 c6 9. Bc4 0-0 10. Nd2 d5 11. Bb3 f5 12. Nf3 Qd6 13. Rc1 f4 14. Bxb6 axb6 15. d4 exd4 16. Qxd4 c5 17. Bxd5+ Nxd5 18. Qxd5+ Qxd5 19. exd5 Rxa2 20. b3 Bf5 21. Rfd1 Bc2 22. Rd2 Bxb3 23. Rxa2 Bxa2 24. c4 b5 25. cxb5 Bxd5 26. Rxc5 Bxf3 27. gxf3 b6 28. Re5 Rf6 29. h4 Kf7 30. h5 g6 31. hxg6+ hxg6 32. Kf1 Rf5 33. Re4 Rxb5 34. Rxf4+ Rf5 35. Rb4 b5 36. Ke2 Ke6 37. Ke3 Kd6 38. Rb1 Kc5 39. Rc1+ Kb4 40. Rc6 g5 41. Rc1 Kb3 42. Rd1 Kc2 43. Rd2+ Kc1 44. Rd3 b4 45. Kd4 Rf4+ 46. Kc5 Kc2 47. Re3 Kd2 48. Kb5 Rd4 49. Re4 Kc3 50. Re3+ Rd3 51. Ka4 b3 52. Ka3 Kc2 53. Re2+ Rd2 54. Re5 b2 55. Rc5+ Kb1 56. Rxg5 Rd3+ 57. Kb4 Rxf3 58. Rg8 Kc2 59. Rc8+ Kd2 60. Rd8+ Ke2 61. Re8+ Kxf2 0-1

[Event "Vignola op 11th"]
[Site "Vignola"]
[Date "2012.11.17"]
[Round "3"]
[White "Ricci Petitoni, Angelo"]
[Black "Garofalo, Sergio"]
[Result "0-1"]
[WhiteElo "1381"]
[BlackElo "1826"]
[PlyCount "60"]
[EventDate "2012.11.16"]
[EventType "swiss"]
[EventRounds "5"]
[EventCountry "ITA"]
[SourceTitle "EXT 2014"]
[Source "ChessBase"]
[SourceDate "2013.11.20"]
[SourceVersion "1"]
[SourceVersionDate "2013.11.20"]
[SourceQuality "1"]

1. c4 f5 2. g3 Nf6 3. Bg2 e6 4. Nc3 Be7 5. Nf3 d6 6. e3 c6 7. d4 0-0 8. a3 Qe8 9. Qc2 h6 10. b3 Nbd7 11. Bb2 e5 12. h3 e4 13. Ng1 d5 14. Bf1 a6 15. Nce2 Nb8 16. Nf4 g5 17. Nfe2 Be6 18. h4 Ng4 19. hxg5 hxg5 20. Nc3 Qf7 21. c5 Nd7 22. Na4 Bd8 23. Nh3 Qh5 24. Nc3 Bc7 25. b4 b5 26. cxb6 Nxb6 27. Na4 Nc4 28. Bc3 Ncxe3 29. fxe3 Bxg3+ 30. Kd1 Nxe3+ 0-1

[Event "Vignola op 11th"]
[Site "Vignola"]
[Date "2012.11.16"]
[Round "1"]
[White "Garofalo, Sergio"]
[Black "Trenti, Filippo"]
[Result "1-0"]
[WhiteElo "1826"]
[BlackElo "1464"]
[PlyCount "39"]
[EventDate "2012.11.16"]
[EventType "swiss"]
[EventRounds "5"]
[EventCountry "ITA"]
[SourceTitle "EXT 2014"]
[Source "ChessBase"]
[SourceDate "2013.11.20"]
[SourceVersion "1"]
[SourceVersionDate "2013.11.20"]
[SourceQuality "1"]

1. d4 Nf6 2. Nf3 e6 3. e3 b6 4. Bd3 Bb7 5. Nbd2 Nc6 6. a3 Be7 7. b3 0-0 8. Bb2 d6 9. Qe2 e5 10. dxe5 dxe5 11. Nxe5 Nxe5 12. Bxe5 Bxg2 13. Rg1 Bb7 14. 0-0-0 Bxa3+ 15. Kb1 Bd6 16. Bb2 h6 17. Rxg7+ Kxg7 18. Rg1+ Kh8 19. Qh5 Rg8 20. Qxh6# 1-0

[Event "Mirandola Giovanni Pico op 4th"]
[Site "Mirandola"]
[Date "2011.01.16"]
[Round "5"]
[White "Garofalo, Sergio"]
[Black "Vitiello, Luigi"]
[Result "0-1"]
[WhiteElo "1777"]
[BlackElo "1850"]
[PlyCount "76"]
[EventDate "2011.01.14"]
[EventType "swiss"]
[EventRounds "5"]
[EventCountry "ITA"]
[SourceTitle "EXT 2012"]
[Source "ChessBase"]
[SourceDate "2011.11.24"]
[SourceVersion "1"]
[SourceVersionDate "2011.11.24"]
[SourceQuality "1"]

1. d4 Nf6 2. Nf3 e6 3. b3 d5 4. Bb2 Nbd7 5. e3 Be7 6. Bd3 a6 7. Nbd2 c5 8. 0-0 b5 9. c4 dxc4 10. bxc4 bxc4 11. Nxc4 cxd4 12. exd4 0-0 13. Qe2 Bb7 14. Nce5 Nb6 15. Ng5 Qd5 16. f4 h6 17. Ngf3 Na4 18. f5 Nxb2 19. Qxb2 Rab8 20. fxe6 Qxe6 21. Qe2 Ba3 22. Rab1 Bd5 23. Bc4 Rb4 24. Rxb4 Bxb4 25. Rb1 a5 26. Qd3 Rc8 27. Bxd5 Qxd5 28. Qb3 Qxb3 29. axb3 Nd5 30. Nc4 a4 31. Nfd2 axb3 32. Rxb3 Kf8 33. Kf2 Ke7 34. Ke2 Bxd2 35. Nxd2 Rc7 36. Rb5 Nc3+ 37. Kd3 Nxb5 38. Ke4 Rc2 0-1

[Event "Mirandola Giovanni Pico op 4th"]
[Site "Mirandola"]
[Date "2011.01.16"]
[Round "4"]
[White "Setti, Roberto"]
[Black "Garofalo, Sergio"]
[Result "1-0"]
[WhiteElo "1939"]
[BlackElo "1777"]
[PlyCount "71"]
[EventDate "2011.01.14"]
[EventType "swiss"]
[EventRounds "5"]
[EventCountry "ITA"]
[SourceTitle "EXT 2012"]
[Source "ChessBase"]
[SourceDate "2011.11.24"]
[SourceVersion "1"]
[SourceVersionDate "2011.11.24"]
[SourceQuality "1"]

1. a3 Nf6 2. d4 g6 3. c4 Bg7 4. Nc3 0-0 5. e4 d6 6. Nf3 Bg4 7. Be2 Nbd7 8. 0-0 c5 9. d5 Nb6 10. Qd3 Nfd7 11. Bf4 Bxf3 12. Bxf3 Ne5 13. Bxe5 Bxe5 14. Bg4 Nd7 15. f4 Bd4+ 16. Kh1 Nf6 17. Bh3 Nh5 18. Rab1 Ng7 19. Rfe1 e5 20. Ne2 Nh5 21. Rf1 Nxf4 22. Nxf4 exf4 23. Rxf4 Qg5 24. Rff1 Rae8 25. b4 b6 26. bxc5 Bxc5 27. Rf3 Re5 28. Rbf1 Qe7 29. Be6 Qh4 30. Rf4 Qh6 31. Rxf7 Rxf7 32. Rxf7 Rxe4 33. Rf1+ Rxe6 34. dxe6 Qh4 35. Qf3 Qe7 36. Qa8+ 1-0

[Event "Modena Province-ch 11"]
[Site "Modena"]
[Date "2010.12.11"]
[Round "4"]
[White "Garofalo, Sergio"]
[Black "Sacchetti, Andrea"]
[Result "0-1"]
[WhiteElo "1805"]
[BlackElo "1742"]
[PlyCount "72"]
[EventDate "2010.12.10"]
[EventType "swiss"]
[EventRounds "5"]
[EventCountry "ITA"]
[SourceTitle "EXT 2024"]
[Source "ChessBase"]
[SourceDate "2023.10.10"]
[SourceVersion "1"]
[SourceVersionDate "2023.10.10"]
[SourceQuality "1"]

1. d4 d5 2. Nf3 Nf6 3. b3 e6 4. Bb2 Be7 5. e3 Nbd7 6. Bd3 0-0 7. Nbd2 c5 8. 0-0 a6 9. Qe2 b5 10. c4 bxc4 11. bxc4 Bb7 12. Ne5 cxd4 13. exd4 dxc4 14. Ndxc4 Nd5 15. f4 a5 16. a3 Rc8 17. Nxd7 Qxd7 18. Ne5 Qd8 19. Rf3 Nf6 20. Rh3 Qd5 21. Re1 Rc7 22. Rg3 Rfc8 23. Ng4 Nh5 24. Nh6+ Kf8 25. Qxh5 Qxh5 26. Nxf7 Kxf7 27. Rh3 Qg4 28. Rg3 Qxf4 29. d5 Qxg3 30. dxe6+ Kg8 31. hxg3 Bf6 32. Bxf6 gxf6 33. e7 Re8 34. Re6 Kg7 35. Bb5 Rexe7 36. Rd6 Rc2 0-1

[Event "Vignola Weekend-A 9th"]
[Site "Vignola"]
[Date "2010.11.14"]
[Round "5"]
[White "Gabbriellini, Gianfranco"]
[Black "Garofalo, Sergio"]
[Result "0-1"]
[WhiteElo "1431"]
[BlackElo "1805"]
[PlyCount "52"]
[EventDate "2010.11.12"]
[EventType "swiss"]
[EventRounds "5"]
[EventCountry "ITA"]
[SourceTitle "EXT 2024"]
[Source "ChessBase"]
[SourceDate "2023.10.10"]
[SourceVersion "1"]
[SourceVersionDate "2023.10.10"]
[SourceQuality "1"]

1. d4 Nf6 2. Nf3 d6 3. Bf4 g6 4. Nc3 c6 5. e4 Qa5 6. Bd2 Qc7 7. Be2 Bg7 8. 0-0 0-0 9. e5 dxe5 10. dxe5 Nd5 11. Bc4 e6 12. Ne4 Nd7 13. Bxd5 exd5 14. Neg5 h6 15. Nxf7 Rxf7 16. e6 Rf5 17. exd7 Bxd7 18. Nh4 Rh5 19. g3 Rxh4 20. gxh4 Qd8 21. h5 Qh4 22. hxg6 Rf8 23. Qe2 Bh3 24. Rfe1 Bg4 25. Qe3 Bf3 26. Qe7 Qg4+ 0-1

[Event "Vignola Weekend-A 9th"]
[Site "Vignola"]
[Date "2010.11.13"]
[Round "2"]
[White "Garofalo, Sergio"]
[Black "Tazzioli, Luca"]
[Result "0-1"]
[WhiteElo "1805"]
[BlackElo "1673"]
[PlyCount "64"]
[EventDate "2010.11.12"]
[EventType "swiss"]
[EventRounds "5"]
[EventCountry "ITA"]
[SourceTitle "EXT 2024"]
[Source "ChessBase"]
[SourceDate "2023.10.10"]
[SourceVersion "1"]
[SourceVersionDate "2023.10.10"]
[SourceQuality "1"]

1. d4 d5 2. Nf3 e6 3. b3 Nf6 4. Bb2 Be7 5. e3 b6 6. Bd3 Bb7 7. Nbd2 0-0 8. Qe2 c5 9. a3 Nbd7 10. 0-0 h6 11. Rad1 Rc8 12. c4 Re8 13. Ne5 Qc7 14. f4 Nxe5 15. fxe5 dxc4 16. exf6 cxd3 17. Qg4 Bf8 18. Nc4 g6 19. Ne5 Kh7 20. Nxd3 Ba6 21. Rf3 cxd4 22. Rc1 Qd6 23. Rxc8 Rxc8 24. Nf4 dxe3 25. Rg3 e2 26. Nxe2 Qd1+ 27. Kf2 Qxe2+ 28. Qxe2 Bxe2 29. Kxe2 Rc2+ 30. Kd3 Rxb2 31. Kc4 Bxa3 32. Kb5 Rf2 0-1

[Event "Modena Province-ch"]
[Site "Modena"]
[Date "2009.12.12"]
[Round "3"]
[White "De Biaggi, Paolo"]
[Black "Garofalo, Sergio"]
[Result "1-0"]
[WhiteElo "1878"]
[BlackElo "1833"]
[PlyCount "71"]
[EventDate "2009.12.11"]
[EventType "swiss"]
[EventRounds "5"]
[EventCountry "ITA"]
[SourceTitle "EXT 2012"]
[Source "ChessBase"]
[SourceDate "2011.11.24"]
[SourceVersion "1"]
[SourceVersionDate "2011.11.24"]
[SourceQuality "1"]

1. e4 d5 2. exd5 Qxd5 3. Nc3 Qa5 4. d4 c6 5. Bd3 Nf6 6. h3 g6 7. Nf3 Bg7 8. Bd2 Qd8 9. Qe2 0-0 10. 0-0-0 a5 11. Ne4 b6 12. g4 Nd5 13. c3 Ba6 14. Bxa6 Nxa6 15. h4 h6 16. h5 g5 17. Qd3 Nf4 18. Bxf4 gxf4 19. Neg5 hxg5 20. Nxg5 f5 21. gxf5 Bh6 22. Rhg1 f3 23. Kb1 Bxg5 24. Rxg5+ Kf7 25. Qxf3 Qd5 26. Qg4 Rg8 27. Rg1 Rxg5 28. Qxg5 Ke8 29. Qg8+ Kd7 30. Qxa8 Qxf5+ 31. Ka1 Qxf2 32. Qg8 Nc7 33. Qg4+ e6 34. h6 a4 35. Qg8 a3 36. Rg7+ 1-0

[Event "Mirandola Giovanni Pico op 2nd"]
[Site "Mirandola"]
[Date "2009.01.09"]
[Round "1"]
[White "Garofalo, Sergio"]
[Black "Buriani, Andrea"]
[Result "0-1"]
[WhiteElo "1804"]
[BlackElo "2155"]
[PlyCount "94"]
[EventDate "2009.01.09"]
[EventType "swiss"]
[EventRounds "5"]
[EventCountry "ITA"]
[SourceTitle "EXT 2011"]
[Source "ChessBase"]
[SourceDate "2010.11.26"]
[SourceVersion "1"]
[SourceVersionDate "2010.11.26"]
[SourceQuality "1"]

1. d4 d5 2. Nf3 Nf6 3. c4 c6 4. Nc3 Qb6 5. e3 Bf5 6. Nh4 Bg4 7. f3 Be6 8. c5 Qc7 9. Bd3 b6 10. Na4 g6 11. Qe2 Nbd7 12. 0-0 bxc5 13. Nxc5 Nxc5 14. dxc5 Qa5 15. Bd2 Qxc5 16. Bc3 Bg7 17. Bd4 Qd6 18. Rac1 0-0 19. Qc2 Rfc8 20. f4 Ng4 21. Bc5 Qc7 22. h3 Nf6 23. f5 gxf5 24. Nxf5 Bxf5 25. Bxf5 Re8 26. Qe2 Rab8 27. Rf4 e6 28. Bb1 Ne4 29. Qh5 f5 30. Bxe4 dxe4 31. b4 Be5 32. Qg5+ Qg7 33. Qxg7+ Kxg7 34. Rf2 a6 35. Rfc2 Kf7 36. Kf2 Red8 37. Ke2 Rd3 38. g4 Rb7 39. gxf5 exf5 40. a4 Rb8 41. Bd4 Bxd4 42. exd4 Rxb4 43. Rxc6 Rb2+ 44. Ke1 Rxh3 45. Rc7+ Kf6 46. R1c6+ Kg5 47. Rg7+ Kf4 0-1

[Event "Mirandola Giovanni Pico op 1st"]
[Site "Mirandola"]
[Date "2008.01.13"]
[Round "5"]
[White "Moi, Roberto"]
[Black "Garofalo, Sergio"]
[Result "1-0"]
[WhiteElo "1933"]
[BlackElo "1882"]
[PlyCount "89"]
[EventDate "2008.01.11"]
[EventType "swiss"]
[EventRounds "5"]
[EventCountry "ITA"]
[SourceTitle "EXT 2009"]
[Source "ChessBase"]
[SourceDate "2008.11.26"]
[SourceVersion "1"]
[SourceVersionDate "2008.11.26"]
[SourceQuality "1"]

1. e4 e5 2. Nf3 Nc6 3. Bc4 Nf6 4. d4 exd4 5. 0-0 Nxe4 6. Re1 d5 7. Bxd5 Qxd5 8. Nc3 Qa5 9. Rxe4+ Be6 10. Ne2 0-0-0 11. Nexd4 Nxd4 12. Rxd4 Bc5 13. Bd2 Rxd4 14. Bxa5 Rxd1+ 15. Rxd1 b6 16. Bc3 Bg4 17. Rd3 Bf5 18. Rd2 f6 19. Kf1 Re8 20. Bd4 Bxd4 21. Nxd4 Rd8 22. c3 c5 23. Nf3 Be6 24. Rxd8+ Kxd8 25. b3 a5 26. Ke2 a4 27. Nd2 Kd7 28. Kd3 Kc6 29. bxa4 b5 30. axb5+ Kxb5 31. c4+ Kb4 32. a3+ Kxa3 33. Kc3 Bf5 34. Nb3 Ka4 35. Nxc5+ Ka5 36. Kd4 Kb6 37. Kd5 Bb1 38. Kd6 Bf5 39. Nb3 Kb7 40. c5 Kc8 41. Nd4 Be4 42. g3 g6 43. Nc6 Bf3 44. Ne7+ Kd8 45. c6 1-0

[Event "Vignola op 5th"]
[Site "Vignola"]
[Date "2006.11.26"]
[Round "4"]
[White "Garofalo, Sergio"]
[Black "Malfagia, Andrea"]
[Result "0-1"]
[WhiteElo "1815"]
[BlackElo "2277"]
[PlyCount "86"]
[EventDate "2006.11.24"]
[EventType "swiss"]
[EventRounds "5"]
[EventCountry "ITA"]
[SourceTitle "EXT 2011"]
[Source "ChessBase"]
[SourceDate "2010.11.26"]
[SourceVersion "1"]
[SourceVersionDate "2010.11.26"]
[SourceQuality "1"]

1. d4 Nf6 2. Nf3 d5 3. c4 c6 4. e3 e6 5. Nbd2 Nbd7 6. a3 Bd6 7. b3 0-0 8. Bb2 b6 9. Ne5 Bb7 10. Bd3 c5 11. 0-0 Rc8 12. Qe2 cxd4 13. exd4 Bb8 14. Rad1 Qc7 15. f4 g6 16. Rf2 a6 17. Rdf1 dxc4 18. bxc4 Ba7 19. h4 Rcd8 20. h5 Nxe5 21. fxe5 Nxh5 22. Qg4 b5 23. Qh4 Qd7 24. c5 Bxc5 25. Nb3 Be7 26. Qh3 Ng7 27. g4 Qd5 28. Nd2 h5 29. Rh2 h4 30. Be4 Qd7 31. Bxb7 Qxb7 32. Qe3 f5 33. exf6 Rxf6 34. Rxf6 Bxf6 35. Ne4 Be7 36. Re2 Qd5 37. Qh6 g5 38. Qg6 Rf8 39. Rc2 Qb3 40. d5 Bc5+ 41. Rf2 Bxf2+ 42. Nxf2 Qxb2 43. dxe6 Qxf2+ 0-1

[Event "Vignola op 5th"]
[Site "Vignola"]
[Date "2006.11.25"]
[Round "2"]
[White "Garofalo, Sergio"]
[Black "Paoli, Walter"]
[Result "1/2-1/2"]
[WhiteElo "1815"]
[BlackElo "2012"]
[PlyCount "94"]
[EventDate "2006.11.24"]
[EventType "swiss"]
[EventRounds "5"]
[EventCountry "ITA"]
[SourceTitle "EXT 2011"]
[Source "ChessBase"]
[SourceDate "2010.11.26"]
[SourceVersion "1"]
[SourceVersionDate "2010.11.26"]
[SourceQuality "1"]

1. d4 Nf6 2. Nf3 e6 3. Nbd2 d5 4. e3 c5 5. b3 cxd4 6. exd4 Nc6 7. Bb2 Be7 8. a3 0-0 9. Bd3 a6 10. 0-0 b5 11. b4 Bb7 12. Qe2 Qb6 13. Rad1 a5 14. c3 Ba6 15. Nb3 a4 16. Nc5 Bxc5 17. dxc5 Qb7 18. Bc1 Rfe8 19. Nd4 Nxd4 20. cxd4 Rab8 21. Bf4 Rbc8 22. Be5 Ne4 23. Bxe4 dxe4 24. Rde1 f6 25. Bd6 Qc6 26. Qg4 Bb7 27. f3 f5 28. Qg5 Qd7 29. fxe4 Bxe4 30. Re3 Qd8 31. Qh5 Qd7 32. Rg3 Qf7 33. Qg5 Rcd8 34. Be5 Rd7 35. Rf4 g6 36. Rh4 Ree7 37. Rf3 Qe8 38. Rh6 Rg7 39. Kf2 Rdf7 40. Bxg7 Rxg7 41. Qf6 Bd5 42. Qe5 Qd8 43. Rc3 Qg5 44. Qb8+ Kf7 45. Qc7+ Kf8 46. Qb8+ Kf7 47. Qc7+ Kf8 1/2-1/2